Top Italian Baby Boy Names 2008 Quiz Stats

 Plays Quiz not verified by Sporcle

Score 0/20 Timer 10:00
0 Plays Today
number Name % Correct
11.Marco
62.9%
17.Antonio
58.4%
18.Giovanni
55.8%
10.Luca
51.1%
1.Francesco
47%
3.Andrea
44.4%
2.Alessandro
43.4%
14.Giuseppe
42.8%
4.Matteo
40.7%
13.Leonardo
33.1%
number Name % Correct
5.Lorenzo
31%
9.Davide
28.3%
12.Simone
23.7%
15.Federico
23%
8.Riccardo
19%
19.Christian
17.4%
16.Tommaso
16.9%
7.Mattia
16.3%
20.Alessio
15.9%
6.Gabriele
15.1%

You're not logged in!

Compare scores with friends on all Sporcle quizzes.
OR
Log In

Show Comments

Extras

Top Quizzes Today


Score Distribution

Your Account Isn't Verified!

In order to create a playlist on Sporcle, you need to verify the email address you used during registration. Go to your Sporcle Settings to finish the process.

Report this User

Report this user for behavior that violates our Community Guidelines.

Details: